000
00280nam a2200121Ia 4500
008
220216s9999 xx 000 0 und d
100
_a
Nemi George
245
0
_a
Mohatheril rubber vila
260
_b
Karshakasree
_c
2010
300
_a
7-Jun
650
_a
Rubber price
942
_c
JS
999
_c
63143
_d
63143